K problému tvorby koncepcie riešenia nezamestnanosti na Slovensku s využitím švédskych skúseností kandidátska dizertačná práca

Saved in:
Bibliographic Details
Main Author: Hiadlovská, Magdaléna
Corporate Author: Ekonomická univerzita v Bratislave. Národohospodárska fakulta
Other Authors: Přívara, Jan
Format: Book
Language:Slovak
Published: Bratislava 1994
Subjects:
Tags: Add Tag
No Tags, Be the first to tag this record!

MARC

LEADER 00000nam a2200000 4500
001 c117426
005 20230116083444.3
041 0 |a slo 
044 |a SK 
245 1 0 |a K problému tvorby koncepcie riešenia nezamestnanosti na Slovensku s využitím švédskych skúseností  |b kandidátska dizertačná práca  |c Magdaléna Hiadlovská ; škol. Jan Přívara 
264 1 |a Bratislava  |c 1994 
300 |a 150 s. 
610 2 0 |a nezamestnanosť 
610 2 0 |a trh práce 
610 2 0 |a regióny 
610 2 0 |a regióny ekonomické 
610 2 0 |a správa štátna 
610 2 0 |a správa verejná 
610 2 0 |a príležitosť pracovná 
610 2 0 |a sily pracovné 
610 2 0 |a porovnanie medzinárodné 
610 2 0 |a Švédsko 
610 2 0 |a Slovensko 
100 1 |a Hiadlovská, Magdaléna 
700 1 |a Přívara, Jan 
710 2 |a Ekonomická univerzita v Bratislave. Národohospodárska fakulta